000 00521 a2200133 4500
001 ART_8070
005 20260410161831.0
008 260409a
245 1 0 _aAnálisis de la influencia del ciclo de vida familiar en el gasto de los hogares españoles en alimentación
100 1 _aPeris, Salvador Miguel
700 1 _aCaplliure Giner, Eva
700 1 _aAldás Manzano, Joaquín
773 0 _tBoletín de estudios económicos
_gNuevas tendecnias en marketing - Año 55, Nº 171 (dic. 2000)
_wREV5142
999 _c23252
_d23252